000 00904nam a2200217 i 4500
001 143090
003 ES-MaACL
005 20250816063226.0
007 t|
008 070214s1927 fr |||| | fre d
100 1 _aSeligman, Edwin Robert Anderson (
_d1861-1939)
_9105306
245 1 0 _aPrincipes d'économique /
_cpar Edwin R.-A. Seligman ; traduits sur la 8e éd. par M. Lecarpentier, professeur d'Economie Politique áa la Faculté Libre de Droit de Paris.
260 _aParis :
_bMarcel Giard,
_c1927 (
_eLaval :
_fBarnéoud)
300 _a2 v. :
_bil. ;
_c23 cm +
_e4 gráf. + 4 gráf. pleg. + 1 map. pleg.
490 1 _aBibliothéque internationale d'Economie Politique
650 0 7 _aEconomía
_2embne
_912006
700 1 _aLecarpentier, G.
_971052
830 0 0 _aBibliothèque internationale d'économie politique
_9181587
852 _aES-MaACL
_jA-62-63
999 _c143090
_d143090